| 000 | 00635nam a2200217Ia 4500 | ||
|---|---|---|---|
| 008 | 191130s2009##################000#0#eng## | ||
| 020 | _a9780123741547 | ||
| 022 | _a2008040333 | ||
| 040 |
_aACL _cACL |
||
| 082 | _a579.28 HUL | ||
| 100 | _aHull, Roger | ||
| 245 |
_aComparative plant virology _cRoger Hull |
||
| 250 | _a2nd ed | ||
| 260 |
_aAmsterdam ; Boston _bElsevier / Academic Press _c2009 |
||
| 300 | _axvi, 376 p. : ill. (some col.) ; 25 cm | ||
| 500 | _aIncludes bibliographical references and index | ||
| 650 | _aPlant viruses | ||
| 990 | _ac81f3cccac10000c67b584c8d4e4d85b | ||
| 991 | _a232430 | ||
| 999 |
_c134554 _d134554 |
||